000 01466nam a2200385 i 4500
003 OSt
005 20260512115945.0
008 260512s1899 fr |||f m||| 00| 0 Fre d
040 _aEG-GICUC
_cEG-GICUC
_dEG-GICUC
_erda
_bfre
041 0 _afre
_bfre
_dfre
049 _aDévouement
082 0 4 _221
_a343
097 _aDoctorat
099 _aLaw 08 PHD 1899
100 1 _aGallois , Albert .
_eAuteur
245 1 0 _ala protection de l'enfance maltalitée :
_bLe châtiment du coupable les mesures protectrices de la victime /
_cPar Albert Gallois ; Président M. planiol.
264 0 _aParis :
_bUniversité de Paris - Faculté de droit,
_c1899.
300 _a248 Pages:
_c24 CM.
336 _2rda content
_aText
337 _2rda media
_aunmediated
338 _2rda carrier
_avolume
500 _aFR
502 _aThèse Doctorat - Université de Paris - Faculté de droit , Département de droit pénal , 1899
504 _aComprend des références bibliographiques.
546 _aTexte en français
650 0 4 _aDépartement de droit pénal
_2qrmak
653 0 _a.
655 4 _aThèses universitaires
_zUniversité du Caire
_xFaculté de droit
700 1 _aplaniol ,M.
_ePrésident
710 2 _aUniversité de Paris.
_bFaculté de droit
856 _uhttps://fll.law.cu.edu.eg/fulltext/th/T10-04363.pdf
900 _b1899
_UUniversité de Paris
_FFaculté de droit
_DDépartement de droit pénal
905 _a58
942 _2ddc
_n0
_cTH
_e21
999 _c76655